Online
Catalog

En carne viva : (Record no. 43665)

MARC details
000 -CABECERA
campo de control de longitud fija 00701nam a2200169 a 4500
001 - NÚMERO DE CONTROL
campo de control 000044176
005 - FECHA Y HORA DE LA ÚLTIMA TRANSACCIÓN
campo de control 20240226142543.0
008 - DATOS DE LONGITUD FIJA--INFORMACIÓN GENERAL
campo de control de longitud fija 140604s2007 dr ac 000 0 spa d
040 ## - FUENTE DE LA CATALOGACIÓN
Centro catalogador/agencia de origen DO-SdBNP
Lengua de catalogación spa
Centro/agencia transcriptor BNPHU
100 1# - ENTRADA PRINCIPAL--NOMBRE DE PERSONA
Nombre de persona Remérez Ferreira, Rafael R.
9 (RLIN) 72179
245 10 - MENCIÓN DE TÍTULO
Título En carne viva :
Resto del título meditación de un soldado sobre la dominicanidad /
Mención de responsabilidad, etc. Rafael R. Ramírez Ferreira ; editor Sócrates Suazo Ruíz ; prólogo José Miguel Soto Jiménez.
260 ## - PUBLICACIÓN, DISTRIBUCIÓN, ETC.
Lugar de publicación, distribución, etc. Santo Domingo :
Nombre del editor, distribuidor, etc. Edita-Libros,
Fecha de publicación, distribución, etc. 2007.
300 ## - DESCRIPCIÓN FÍSICA
Extensión 239 p. ;
Dimensiones 23 cm.
500 ## - NOTA GENERAL
Nota general Incluye datos biográficos del autor en la solapa
700 12 - PUNTO DE ACCESO ADICIONAL--NOMBRE DE PERSONA
Nombre de persona Suazo Ruíz, Sócrate
Término indicativo de función/relación ed.
9 (RLIN) 72180
700 12 - PUNTO DE ACCESO ADICIONAL--NOMBRE DE PERSONA
Nombre de persona Soto Jiménez, José Miguel,
Fechas asociadas al nombre 1956-
Término indicativo de función/relación pról.
9 (RLIN) 11668
Holdings
Estado de retiro Estado de pérdida No para préstamo Código de colección Localización permanente Ubicación/localización actual Ubicación en estantería Fecha de adquisición Número de inventario Total de préstamos Signatura topográfica completa Código de barras Fecha visto por última vez Precio válido a partir de Tipo de ítem Koha Número de copia
    Excluido de préstamo Patrimonio Dominicano Patrimonio Dominicano Patrimonio Dominicano Depósito 04.06.2014 LF1   44176-10 25.06.2020 25.06.2020 Libro y Folleto Colección Patrimonio Dominicano  
    Excluido de préstamo Patrimonio Dominicano Patrimonio Dominicano Patrimonio Dominicano Depósito 04.06.2014 LF1   44176-20 25.06.2020 25.06.2020 Libro y Folleto Colección Patrimonio Dominicano e. 2

Powered by Koha